=LDR 00000nam 2200000 4500 =001 INLIS000000000001183 =005 20130612085606 =008 ***********************************Ind** =035 ##$$0010-061300000001183 =041 ##$$a Ind =082 ##$$a 530.07 =090 ##$$a 530.07, Muj-b =100 ##$$a MUJONO, F.X =245 ##$$a Belajar aktif IPA Fisika untuk SMTP, F.X. Mudjono, Marsoediono. Budi Suryatni =260 ##$$a 1991 $b Jakarta =300 ##$$a ...jil, ilus, 23 cm =650 ##$$a Fisika =650 ##$$a Studi dan Pengajaran =700 ##$$a Marsudiono =850 ##$$a NBPNMAT